[Event "Online Olym KO Stage 2021"]
[Site "chess.com INT"]
[Date "2021.09.14"]
[Round "2.2"]
[Board "1"]
[White "Xiong, Jeffery"]
[Black "Anand, Viswanathan"]
[Result "1-0"]
[WhiteTitle "GM"]
[BlackTitle "GM"]
[WhiteElo "2700"]
[BlackElo "2753"]
[WhiteTeam "United States of America"]
[BlackTeam "India"]
[WhiteFideId "2047640"]
[BlackFideId "5000017"]
[EventDate "2021.09.13"]
[EventType "team"]

1. c4 c5 2. Nf3 Nf6 3. b3 g6 4. Bb2 Bg7 5. g3 b6 6. Bg2 Bb7 7. O-O O-O 8. d4
cxd4 9. Qxd4 d6 10. Nc3 Nbd7 11. Ne1 Ne4 12. Qe3 Nxc3 13. Bxb7 Rb8 14. Bg2 Nd5
15. cxd5 Bxb2 16. Rb1 Bg7 17. Nd3 a5 18. Rfc1 Nc5 19. b4 Nxd3 20. Qxd3 axb4 21.
Rxb4 Rb7 22. Rc6 Qa8 23. a4 Qa5 24. Qb3 Rfb8 25. Be4 Bf6 26. Bd3 Kg7 27. h4 h5
28. Kg2 Qa7 29. Qc2 Rh8 30. Qb1 Rbb8 31. Qb3 Rhc8 32. Rbxb6 Rxc6 33. Rxb8 Rc3
34. Qb5 Kh6 35. Qe8 1-0

[Event "Online Olym KO Stage 2021"]
[Site "chess.com INT"]
[Date "2021.09.14"]
[Round "2.2"]
[Board "2"]
[White "Vidit, Santosh Gujrathi"]
[Black "Robson, Ray"]
[Result "0-1"]
[WhiteTitle "GM"]
[BlackTitle "GM"]
[WhiteElo "2727"]
[BlackElo "2673"]
[WhiteTeam "India"]
[BlackTeam "United States of America"]
[WhiteFideId "5029465"]
[BlackFideId "2023970"]
[EventDate "2021.09.13"]
[EventType "team"]

1. d4 Nf6 2. c4 e6 3. g3 d5 4. Bg2 Bb4+ 5. Bd2 Be7 6. Nf3 O-O 7. O-O Nbd7 8. Qc2
c6 9. Rd1 b6 10. Bf4 Bb7 11. Ne5 Nh5 12. Bd2 Nhf6 13. cxd5 cxd5 14. Nc6 Qe8 15.
Nxe7+ Qxe7 16. Qc7 Ba6 17. Nc3 Rfc8 18. Qf4 Nf8 19. h4 h6 20. Bf3 Ng6 21. Qe3
Qd8 22. Rac1 Rc4 23. b3 Rc7 24. a4 Rac8 25. Na2 Bb7 26. Rxc7 Rxc7 27. Nc3 Ba6
28. h5 Nf8 29. Rc1 N8h7 30. Qe5 Qc8 31. Na2 Rxc1+ 32. Nxc1 Nd7 33. Qd6 Ng5 34.
Bxg5 hxg5 35. Na2 Nf6 36. g4 Qc2 37. Qb8+ Kh7 38. Qxa7 Bxe2 39. Bxe2 Qxe2 40.
Qxf7 Qxg4+ 41. Kf1 Qd1+ 42. Kg2 Nxh5 43. Nc3 Qg4+ 44. Kf1 Qh3+ 45. Ke2 Nf4+ 46.
Kd2 Qd3+ 0-1

[Event "Online Olym KO Stage 2021"]
[Site "chess.com INT"]
[Date "2021.09.14"]
[Round "2.2"]
[Board "4"]
[White "Harika, Dronavalli"]
[Black "Paikidze, Nazi"]
[Result "1-0"]
[WhiteTitle "GM"]
[BlackTitle "IM"]
[WhiteElo "2511"]
[BlackElo "2374"]
[WhiteTeam "India"]
[BlackTeam "United States of America"]
[WhiteFideId "5015197"]
[BlackFideId "13603620"]
[EventDate "2021.09.13"]
[EventType "team"]

1. e4 c6 2. d4 d5 3. exd5 cxd5 4. c3 Nc6 5. Bd3 Qc7 6. h3 Nf6 7. Nf3 e6 8. O-O
Be7 9. Re1 O-O 10. Bg5 h6 11. Bh4 Nh5 12. Bxe7 Qxe7 13. Bf1 a6 14. Nbd2 Nf6 15.
Bd3 b5 16. a3 Rb8 17. Qe2 Bd7 18. Ne5 Rfc8 19. f4 a5 20. b4 Nxe5 21. fxe5 Ne8
22. Rac1 a4 23. Nf3 Nc7 24. Bb1 Na8 25. Qd3 g6 26. Qd2 Kg7 27. Bd3 Nb6 28. Re3
Nc4 29. Bxc4 dxc4 30. Qf2 Bc6 31. Rf1 Rc7 32. Nd2 Rd8 33. Ne4 Bxe4 34. Rxe4 Rf8
35. Rf4 Rd7 36. h4 Qd8 37. Rf6 Qe7 38. Qf4 Rd5 39. Rf3 Rd7 40. Rg3 Kh7 41. h5
Rg8 42. hxg6+ Rxg6 43. Rgxg6 fxg6 44. Qg4 Qg7 45. Qxe6 Re7 46. Qd5 Rb7 47. Qf3
Re7 48. e6 Kg8 49. d5 Re8 50. d6 Qa7+ 51. Kh1 1-0

[Event "Online Olym KO Stage 2021"]
[Site "chess.com INT"]
[Date "2021.09.14"]
[Round "2.2"]
[Board "5"]
[White "Liang, Awonder"]
[Black "Praggnanandhaa, R"]
[Result "1-0"]
[WhiteTitle "GM"]
[BlackTitle "GM"]
[WhiteElo "2590"]
[BlackElo "2617"]
[WhiteTeam "United States of America"]
[BlackTeam "India"]
[WhiteFideId "2056437"]
[BlackFideId "25059530"]
[EventDate "2021.09.13"]
[EventType "team"]

1. e4 c5 2. Nf3 Nc6 3. Bb5 e6 4. O-O Nge7 5. Re1 Nd4 6. Nxd4 cxd4 7. c3 a6 8.
Bf1 Nc6 9. Qg4 Qf6 10. e5 Qg6 11. Qf4 Bc5 12. b4 Ba7 13. a4 f6 14. b5 Nxe5 15.
Ba3 Qg4 16. Qxg4 Nxg4 17. h3 Ne5 18. Bd6 Nf7 19. Bb4 d6 20. Na3 dxc3 21. dxc3
Bc5 22. Bxc5 dxc5 23. Nc4 axb5 24. Nb6 Rb8 25. Bxb5+ Ke7 26. f4 Nd6 27. Rad1 Rd8
28. c4 Nf5 29. Rxd8 Kxd8 30. Nxc8 Kxc8 31. Rxe6 Kc7 32. g4 Nd4 33. Re7+ Kb6 34.
Rxg7 h5 35. Rg6 Ka5 36. Rxf6 hxg4 37. hxg4 Kb4 38. g5 Kc3 39. Kf2 Kd3 40. g6 Rh8
41. Kg3 Ke4 42. Rf7 Nf5+ 43. Kf2 Nd6 44. g7 Rg8 45. Re7+ Kxf4 46. Bd7 Ne4+ 47.
Ke1 Ng5 48. a5 Nf3+ 49. Kd1 Nd4 50. Bb5 Nb3 51. a6 bxa6 52. Bc6 Nd4 53. Bd5 Nf5
54. Re4+ 1-0

[Event "Online Olym KO Stage 2021"]
[Site "chess.com INT"]
[Date "2021.09.14"]
[Round "2.2"]
[Board "6"]
[White "Vaishali, R"]
[Black "Cervantes Landeiro, Thalia"]
[Result "1/2-1/2"]
[WhiteTitle "WGM"]
[BlackTitle "FM"]
[WhiteElo "2414"]
[BlackElo "2175"]
[WhiteTeam "India"]
[BlackTeam "United States of America"]
[WhiteFideId "5091756"]
[BlackFideId "3520498"]
[EventDate "2021.09.13"]
[EventType "team"]

1. e4 e5 2. Nf3 Nc6 3. Bb5 Nf6 4. O-O Nxe4 5. d4 Nd6 6. dxe5 Nxb5 7. a4 Nbd4 8.
Nxd4 Nxd4 9. Qxd4 d5 10. Qd3 Be7 11. Nc3 c6 12. Qg3 g6 13. Bh6 Bf5 14. a5 Qc7
15. a6 b6 16. Ne2 O-O-O 17. Nd4 Bd7 18. Rfe1 c5 19. e6 cxd4 20. Bf4 Qc6 21.
exd7+ Rxd7 22. Be5 Bf6 23. Qf4 Bxe5 24. Rxe5 Rc7 25. Qxd4 Rd8 26. c3 Qc4 27. Rd1
Qxa6 28. Rxd5 Rxd5 29. Qxd5 Kb8 30. Qe5 Qc4 31. Rd8+ Kb7 32. Qe8 Qc6 33. Rb8+
Ka6 34. Qe1 Qa4 35. h3 Rd7 36. Qe2+ b5 37. Qe5 Qd1+ 38. Kh2 Qd6 39. Rxb5 Qxe5+
40. Rxe5 Rd2 41. b4 Rxf2 42. Kg3 Rc2 43. Rc5 Kb6 44. Kf3 a5 45. Rxa5 Rxc3+ 46.
Kf4 Rc4+ 47. Kg5 Rxb4 48. Ra2 Rb5+ 49. Kh6 Rh5+ 50. Kg7 f5 51. Rc2 f4 52. Rf2
Rh4 53. Kf6 Kc5 54. Kg5 Rh5+ 55. Kg4 Kd5 56. Rxf4 Ke6 57. h4 Re5 58. g3 h5+ 59.
Kf3 Ra5 60. Re4+ 1/2-1/2

[Event "Online Olym KO Stage 2021"]
[Site "chess.com INT"]
[Date "2021.09.14"]
[Round "2.3"]
[Board "1"]
[White "Harikrishna, Pentala"]
[Black "Xiong, Jeffery"]
[Result "0-1"]
[WhiteTitle "GM"]
[BlackTitle "GM"]
[WhiteElo "2725"]
[BlackElo "2700"]
[WhiteTeam "India"]
[BlackTeam "United States of America"]
[WhiteFideId "5007003"]
[BlackFideId "2047640"]
[EventDate "2021.09.13"]
[EventType "team"]

1. d4 Nf6 2. Nf3 d5 3. c4 c6 4. Nc3 dxc4 5. a4 Bf5 6. e3 e6 7. Bxc4 Bb4 8. O-O
O-O 9. Qe2 Nbd7 10. e4 Bg6 11. Bd3 h6 12. h3 a5 13. Bf4 Qe7 14. Rfd1 Bh5 15. g4
Bg6 16. Bg3 Bh7 17. Rac1 Rac8 18. Na2 Rfd8 19. Nxb4 Qxb4 20. Rc4 Qb6 21. g5 hxg5
22. Nxg5 Bg6 23. e5 Bh5 24. f3 Nd5 25. Qf2 Nf8 26. Kh2 Qb3 27. Ne4 Qxd1 28. Be2
Qb3 29. Bh4 Qe3 30. Qf1 Nf4 31. Bd1 Rxd4 32. Bf2 Rxd1 33. Qxd1 Qd3 34. Nd2 Rd8
35. Be1 Qxc4 0-1

[Event "Online Olym KO Stage 2021"]
[Site "chess.com INT"]
[Date "2021.09.14"]
[Round "2.3"]
[Board "2"]
[White "Robson, Ray"]
[Black "Adhiban, Baskaran"]
[Result "1-0"]
[WhiteTitle "GM"]
[BlackTitle "GM"]
[WhiteElo "2673"]
[BlackElo "2672"]
[WhiteTeam "United States of America"]
[BlackTeam "India"]
[WhiteFideId "2023970"]
[BlackFideId "5018471"]
[EventDate "2021.09.13"]
[EventType "team"]

1. e4 e5 2. Nf3 Nc6 3. Bb5 a6 4. Ba4 Nf6 5. O-O Bc5 6. c3 b5 7. Bb3 d6 8. d4 Bb6
9. Be3 Bg4 10. dxe5 Nxe5 11. Bxb6 Bxf3 12. gxf3 cxb6 13. f4 Nfg4 14. Qe2 Nxh2
15. fxe5 Nxf1 16. Kxf1 dxe5 17. Nd2 O-O 18. Nf3 Qf6 19. Bd5 Rad8 20. Qe3 h6 21.
Ke2 Rd6 22. Rh1 Rfd8 23. Rh5 Rxd5 24. exd5 Qg6 25. Rxe5 Qc2+ 26. Qd2 Qb1 27. d6
Qxa2 28. d7 Qc4+ 29. Ke1 Qc6 30. Rd5 a5 31. Ne5 Qe6 32. Kd1 b4 33. c4 1-0

[Event "Online Olym KO Stage 2021"]
[Site "chess.com INT"]
[Date "2021.09.14"]
[Round "2.3"]
[Board "4"]
[White "Paikidze, Nazi"]
[Black "Harika, Dronavalli"]
[Result "0-1"]
[WhiteTitle "IM"]
[BlackTitle "GM"]
[WhiteElo "2374"]
[BlackElo "2511"]
[WhiteTeam "United States of America"]
[BlackTeam "India"]
[WhiteFideId "13603620"]
[BlackFideId "5015197"]
[EventDate "2021.09.13"]
[EventType "team"]

1. d4 d5 2. Nf3 Nf6 3. c4 c6 4. e3 e6 5. Nc3 Nbd7 6. Qc2 Bd6 7. Be2 O-O 8. O-O
dxc4 9. Bxc4 Qe7 10. e4 e5 11. d5 Nb6 12. Bb3 cxd5 13. Nxd5 Nbxd5 14. exd5 e4
15. Re1 Re8 16. Bg5 Bf5 17. Qc3 Rac8 18. Bxf6 gxf6 19. Qd4 Bc5 20. Qa4 a6 21.
Nd4 Bg6 22. Ne2 e3 23. f3 Bb4 24. Rec1 Qd6 25. a3 Bd2 26. Rd1 b5 27. Qd4 Red8
28. g3 Qe5 29. Kg2 Qxd4 30. Nxd4 Bd3 31. f4 Be4+ 32. Kf1 Bxd5 33. Ke2 Be4 34.
Nf3 Bd3# 0-1

[Event "Online Olym KO Stage 2021"]
[Site "chess.com INT"]
[Date "2021.09.14"]
[Round "2.3"]
[Board "5"]
[White "Nihal, Sarin"]
[Black "Liang, Awonder"]
[Result "1/2-1/2"]
[WhiteTitle "GM"]
[BlackTitle "GM"]
[WhiteElo "2652"]
[BlackElo "2590"]
[WhiteTeam "India"]
[BlackTeam "United States of America"]
[WhiteFideId "25092340"]
[BlackFideId "2056437"]
[EventDate "2021.09.13"]
[EventType "team"]

1. Nf3 Nf6 2. b3 g6 3. Bb2 Bg7 4. g3 O-O 5. Bg2 c5 6. c4 b6 7. O-O Bb7 8. d4 Na6
9. Nc3 Ne4 10. Nxe4 Bxe4 11. Qd2 d5 12. dxc5 dxc4 13. Bxg7 Qxd2 14. Nxd2 Bxg2
15. Kxg2 Kxg7 16. cxb6 axb6 17. Nxc4 b5 18. Ne3 Rfc8 19. Rfd1 Nb4 20. a4 bxa4
21. bxa4 Nc2 22. Nxc2 Rxc2 23. e3 Ra5 24. Rd4 h5 25. h4 Rf5 26. Rf4 Ra5 27. Kg1
Rb2 28. Rc1 Ra2 29. Rc7 R2xa4 30. Rxa4 Rxa4 31. Rxe7 Ra1+ 32. Kg2 Ra4 33. Rb7
Kf6 34. Kf3 Kg7 35. Rd7 Ra3 36. Kf4 Ra4+ 37. e4 Kf6 38. Rb7 Ra2 39. f3 Ra3 40.
Rb6+ Ke7 41. Rb7+ Ke6 42. Rb6+ Ke7 43. Rb7+ Ke6 44. Rb6+ Ke7 1/2-1/2

[Event "Online Olym KO Stage 2021"]
[Site "chess.com INT"]
[Date "2021.09.14"]
[Round "2.3"]
[Board "6"]
[White "Cervantes Landeiro, Thalia"]
[Black "Vaishali, R"]
[Result "1-0"]
[WhiteTitle "FM"]
[BlackTitle "WGM"]
[WhiteElo "2175"]
[BlackElo "2414"]
[WhiteTeam "United States of America"]
[BlackTeam "India"]
[WhiteFideId "3520498"]
[BlackFideId "5091756"]
[EventDate "2021.09.13"]
[EventType "team"]

1. d4 Nf6 2. Nf3 e6 3. c4 Bb4+ 4. Nbd2 O-O 5. a3 Be7 6. e4 d6 7. Be2 Nfd7 8. O-O
e5 9. d5 a5 10. b3 Nc5 11. Bb2 f5 12. exf5 Bxf5 13. Bc3 Nbd7 14. b4 Nd3 15. Qb3
Nf4 16. Bd1 a4 17. Qa2 Qe8 18. Kh1 Qg6 19. Rg1 Nf6 20. Nf1 Ne4 21. Be1 Rf7 22.
Ng3 Raf8 23. Nxf5 Rxf5 24. Bc2 Rh5 25. Qb1 Ne2 26. Bxe4 Qh6 27. Bd2 g5 28. Re1
Nf4 29. Bxf4 Rxf4 30. Qd3 Rxf3 31. Bxh7+ 1-0

[Event "Online Olym KO Stage 2021"]
[Site "chess.com INT"]
[Date "2021.09.14"]
[Round "2.1"]
[Board "2"]
[White "Artemiev, Vladislav"]
[Black "Yu, Yangyi"]
[Result "1/2-1/2"]
[WhiteTitle "GM"]
[BlackTitle "GM"]
[WhiteElo "2699"]
[BlackElo "2704"]
[WhiteTeam "Russia"]
[BlackTeam "China"]
[WhiteFideId "24101605"]
[BlackFideId "8603820"]
[EventDate "2021.09.13"]
[EventType "team"]

1. Nf3 d5 2. g3 Nf6 3. Bg2 e6 4. O-O Be7 5. c4 O-O 6. b3 d4 7. e3 c5 8. exd4
cxd4 9. Ne5 Nfd7 10. Nxd7 Qxd7 11. f4 Nc6 12. d3 b6 13. Nd2 Bb7 14. Nf3 a5 15.
a3 h6 16. Qe2 Rad8 17. Bd2 Bc5 18. Rfb1 Qe7 19. b4 axb4 20. axb4 Nxb4 21. Bxb4
Bxb4 22. Ne5 Bc5 23. Ra7 Bf3 24. Qa2 Ra8 25. Ra1 Rxa7 26. Qxa7 Ra8 27. Qxa8+
Bxa8 28. Rxa8+ Kh7 29. Be4+ f5 30. Bf3 Bd6 31. Rh8+ Kxh8 32. Ng6+ Kg8 33. Nxe7+
Bxe7 34. h4 g6 35. Kg2 Kg7 36. Bc6 Kf6 37. Kf3 Bb4 38. Bd7 Ke7 39. Bc8 Bd2 40.
Kg2 Kd6 41. Kf3 Be1 42. Kg2 Ke7 43. Kf3 Kf6 44. Bd7 e5 45. fxe5+ Kxe5 46. Be8
Kf6 47. h5 gxh5 48. Bxh5 Kg5 49. Be8 Bb4 50. Bd7 Bd6 51. Bc8 Bc7 52. Bd7 Bd6 53.
Bc8 Bc7 54. Bd7 Bd6 1/2-1/2

[Event "Online Olym KO Stage 2021"]
[Site "chess.com INT"]
[Date "2021.09.14"]
[Round "2.1"]
[Board "3"]
[White "Hou, Yifan"]
[Black "Goryachkina, Aleksandra"]
[Result "1/2-1/2"]
[WhiteTitle "GM"]
[BlackTitle "GM"]
[WhiteElo "2658"]
[BlackElo "2608"]
[WhiteTeam "China"]
[BlackTeam "Russia"]
[WhiteFideId "8602980"]
[BlackFideId "4147103"]
[EventDate "2021.09.13"]
[EventType "team"]

1. e4 e5 2. Nf3 Nc6 3. Bb5 Nf6 4. O-O Nxe4 5. Re1 Nd6 6. Nxe5 Be7 7. Bf1 Nxe5 8.
Rxe5 O-O 9. d4 Bf6 10. Re1 Re8 11. c3 Rxe1 12. Qxe1 Ne8 13. a4 d5 14. a5 Nd6 15.
Bf4 Bf5 16. Nd2 Bg5 17. Qe3 h6 18. a6 b6 19. Re1 Bxf4 20. Qxf4 Qg5 21. Qxg5 hxg5
22. c4 dxc4 23. Nxc4 Nxc4 24. Bxc4 Kf8 25. Re5 g6 26. f3 Rd8 27. d5 Re8 28.
Rxe8+ Kxe8 29. Kf2 Ke7 30. Ke3 Kd6 31. Kd4 Bd7 32. g3 f5 33. Bd3 Be8 34. f4 g4
35. b4 Bd7 36. Bc4 Be8 37. Bf1 Ba4 38. Bc4 Be8 39. Bd3 Bd7 40. Bc4 Be8 1/2-1/2

[Event "Online Olym KO Stage 2021"]
[Site "chess.com INT"]
[Date "2021.09.14"]
[Round "2.1"]
[Board "4"]
[White "Kosteniuk, Alexandra"]
[Black "Ju, Wenjun"]
[Result "1-0"]
[WhiteTitle "GM"]
[BlackTitle "GM"]
[WhiteElo "2526"]
[BlackElo "2560"]
[WhiteTeam "Russia"]
[BlackTeam "China"]
[WhiteFideId "4128125"]
[BlackFideId "8603006"]
[EventDate "2021.09.13"]
[EventType "team"]

1. Nf3 d5 2. g3 g6 3. Bg2 Bg7 4. O-O Nf6 5. d4 O-O 6. c4 dxc4 7. Na3 c5 8. dxc5
c3 9. Nb5 cxb2 10. Bxb2 Bd7 11. a4 Nc6 12. Ne5 Nxe5 13. Bxe5 Bc6 14. Qb3 Bxg2
15. Kxg2 Qd7 16. Qf3 Rfc8 17. Rfc1 Ne8 18. Rd1 Qc6 19. Bxg7 Nxg7 20. Qxc6 bxc6
21. Nd4 f6 22. Rab1 Rc7 23. f4 Kf7 24. a5 Rd8 25. Rd3 Rd5 26. a6 Rxc5 27. Rb7
Ne8 28. Re3 Rc4 29. Ne6 Rxb7 30. axb7 Rb4 31. Nd8+ Kf8 32. Ra3 Nd6 33. Rxa7 Kg7
34. e4 Rb2+ 35. Kf1 Rb1+ 36. Ke2 Rb2+ 37. Kd3 Kh6 38. e5 fxe5 39. fxe5 Nxb7 40.
Rxb7 Rxh2 41. Ke3 Kg5 42. Rxe7 h5 43. Rf7 Rg2 44. Kf3 Rd2 45. Ne6+ Kh6 46. Nc5
Rd5 47. Nd7 g5 48. e6 Rd1 49. Ke2 Rd4 50. Ke3 Rd1 51. Ke4 Re1+ 52. Kf5 h4 53.
gxh4 gxh4 54. Ne5 Rf1+ 55. Kg4 Re1 56. Kf4 Rf1+ 57. Nf3 h3 58. e7 h2 59. e8=Q
Rxf3+ 60. Kxf3 h1=Q+ 61. Ke2 Qg2+ 62. Rf2 Qg4+ 63. Kf1 Qh3+ 64. Kg1 Qg4+ 65. Rg2
Qd4+ 66. Kh2 Qh4+ 67. Kg1 Qd4+ 68. Kf1 Qf4+ 69. Rf2 Qc4+ 70. Qe2 Qc1+ 71. Kg2
Qg5+ 72. Kh1 1-0

[Event "Online Olym KO Stage 2021"]
[Site "chess.com INT"]
[Date "2021.09.14"]
[Round "2.1"]
[Board "5"]
[White "Wang, Shixu B"]
[Black "Esipenko, Andrey"]
[Result "0-1"]
[BlackTitle "GM"]
[WhiteElo "2471"]
[BlackElo "2720"]
[WhiteTeam "China"]
[BlackTeam "Russia"]
[WhiteFideId "8610665"]
[BlackFideId "24175439"]
[EventDate "2021.09.13"]
[EventType "team"]

1. d4 Nf6 2. c4 e6 3. Nf3 d5 4. Nc3 Nbd7 5. Bg5 h6 6. Bh4 Be7 7. e3 O-O 8. Qc2
c5 9. cxd5 cxd4 10. Nxd4 Nxd5 11. Bxe7 Nxe7 12. Be2 Nf6 13. O-O Bd7 14. Rfd1 Qb6
15. Qb3 Qxb3 16. Nxb3 Rfc8 17. Bf3 Rc7 18. Rac1 Rac8 19. Ne4 Nxe4 20. Bxe4 Bc6
21. Bxc6 Nxc6 22. a3 Kf8 23. Kf1 Ke7 24. Ke2 Ne5 25. Rxc7+ Rxc7 26. Nd4 a6 27.
Rd2 Rc1 28. Rc2 Rxc2+ 29. Nxc2 Nc4 30. b3 Na5 31. Na1 Kd6 32. Kd3 b5 33. Kc3 Nc6
34. Nc2 Kc5 35. h3 Ne7 36. Kd3 Nd5 37. b4+ Kd6 38. Nd4 Nb6 39. Nb3 Nc4 40. Nc5
Nxa3 41. Nxa6 Nc4 42. Nc5 Ne5+ 43. Kc3 Ng6 44. g3 Ne5 45. Ne4+ Kd5 46. Nd2 f5
47. f4 Nc6 48. Kb3 g6 49. Kc3 e5 50. Kb3 exf4 51. gxf4 g5 52. fxg5 hxg5 53. Kc3
Ne5 54. Nb3 g4 55. hxg4 fxg4 56. Kd2 Kc4 57. Nc5 Kxb4 58. Ne4 Kc4 59. Nd6+ Kc5
60. Ne4+ Kd5 61. Nf6+ Kc4 62. Ne4 b4 63. Kc2 Nd7 64. Nd6+ Kd5 65. Nf5 Nc5 66.
Ng3 Ne4 67. Ne2 Kc4 68. Nf4 g3 69. Kb2 Nc5 70. Kc2 b3+ 71. Kd2 Ne4+ 72. Kc1 Kc3
73. Ne2+ Kd3 74. Nd4 g2 75. Nf3 Kxe3 0-1

[Event "Online Olym KO Stage 2021"]
[Site "chess.com INT"]
[Date "2021.09.14"]
[Round "2.1"]
[Board "6"]
[White "Shuvalova, Polina"]
[Black "Ning, Kaiyu"]
[Result "0-1"]
[WhiteTitle "IM"]
[BlackTitle "WIM"]
[WhiteElo "2510"]
[BlackElo "2372"]
[WhiteTeam "Russia"]
[BlackTeam "China"]
[WhiteFideId "24171760"]
[BlackFideId "8614750"]
[EventDate "2021.09.13"]
[EventType "team"]

1. e4 c5 2. Nf3 d6 3. d4 cxd4 4. Nxd4 Nf6 5. Nc3 a6 6. g3 e5 7. Nb3 Be7 8. Bg5
Be6 9. f4 exf4 10. Bxf4 O-O 11. Qd2 d5 12. e5 Ne4 13. Nxe4 dxe4 14. Bg2 Qc8 15.
O-O Rd8 16. Qf2 a5 17. Rad1 a4 18. Rxd8+ Qxd8 19. Nd2 Nc6 20. Nxe4 Bxa2 21. Nd6
Bxd6 22. exd6 Be6 23. h4 h6 24. Qe3 Qa5 25. Rd1 Rd8 26. Kh2 Qb5 27. Qc3 Rd7 28.
Rd2 Rd8 29. Be4 Qh5 30. Bf3 Qf5 31. Bg2 g5 32. hxg5 hxg5 33. Be3 Ne5 34. Kg1 Rc8
35. Qd4 Rc4 36. Qa7 Ng4 37. d7 Bxd7 38. Bd5 Rxc2 39. Rxc2 Qxc2 40. Bd4 Qh2+ 41.
Kf1 Bb5+ 42. Ke1 Qe2# 0-1

[Event "Online Olym KO Stage 2021"]
[Site "chess.com INT"]
[Date "2021.09.14"]
[Round "2.2"]
[Board "2"]
[White "Yu, Yangyi"]
[Black "Artemiev, Vladislav"]
[Result "1/2-1/2"]
[WhiteTitle "GM"]
[BlackTitle "GM"]
[WhiteElo "2704"]
[BlackElo "2699"]
[WhiteTeam "China"]
[BlackTeam "Russia"]
[WhiteFideId "8603820"]
[BlackFideId "24101605"]
[EventDate "2021.09.13"]
[EventType "team"]

1. d4 d5 2. c4 e6 3. Nf3 Nf6 4. Nc3 Nbd7 5. Bg5 h6 6. Bh4 Be7 7. e3 O-O 8. Rc1
c5 9. dxc5 Nxc5 10. cxd5 g5 11. d6 Qxd6 12. Qxd6 Bxd6 13. Bg3 Bxg3 14. hxg3 Kg7
15. Ne5 b6 16. Be2 Bb7 17. Bf3 Rac8 18. Bxb7 Nxb7 19. Ke2 Nd6 20. Rhd1 Nc4 21.
Nd3 Rfd8 22. e4 Ng4 23. b3 Nce5 24. Nxe5 Nxe5 25. Rxd8 Rxd8 26. Nd1 Rd7 27. Ne3
h5 28. Rc3 Ng6 29. a4 h4 30. gxh4 gxh4 31. a5 bxa5 32. Rc5 Rb7 33. Rxa5 Rxb3 34.
Rxa7 Rb2+ 35. Kf1 Rb1+ 36. Ke2 Rb4 37. f3 Nf4+ 38. Kf1 Rb1+ 39. Kf2 Rb2+ 40. Kg1
h3 41. gxh3 Nxh3+ 42. Kf1 Rf2+ 43. Ke1 Rxf3 44. Nc4 Ng5 45. Ke2 Rf4 46. Nd6 Kf6
47. Ne8+ Kg6 48. Nd6 Rh4 49. Ke3 Rh3+ 50. Ke2 Rb3 51. Ra8 Kf6 52. Ra5 Rb6 53.
Ke3 Kg6 54. e5 Rb3+ 55. Kf4 Rb4+ 56. Ke3 Rb1 57. Ra8 Re1+ 58. Kf4 Rf1+ 59. Ke3
Rf3+ 60. Kd4 Kh5 61. Rg8 Rf1 62. Rg7 Kh6 63. Rg8 Rd1+ 64. Ke3 Re1+ 65. Kf4 Rf1+
66. Ke3 Kh5 67. Rg7 Kg4 68. Ke2 Rf4 69. Ke3 Rf3+ 70. Ke2 Rf4 71. Ke3 Rf3+ 72.
Ke2 Rf4 1/2-1/2

[Event "Online Olym KO Stage 2021"]
[Site "chess.com INT"]
[Date "2021.09.14"]
[Round "2.2"]
[Board "3"]
[White "Goryachkina, Aleksandra"]
[Black "Hou, Yifan"]
[Result "0-1"]
[WhiteTitle "GM"]
[BlackTitle "GM"]
[WhiteElo "2608"]
[BlackElo "2658"]
[WhiteTeam "Russia"]
[BlackTeam "China"]
[WhiteFideId "4147103"]
[BlackFideId "8602980"]
[EventDate "2021.09.13"]
[EventType "team"]

1. d4 d5 2. c4 e6 3. Nc3 a6 4. cxd5 exd5 5. Nf3 Nf6 6. Bg5 Be6 7. e3 Nbd7 8. h3
Bd6 9. Bd3 c6 10. Bf4 Qc7 11. Qd2 O-O 12. O-O Rfe8 13. Rac1 Bxf4 14. exf4 Ne4
15. Nxe4 dxe4 16. Bxe4 Bxa2 17. Rfe1 Nf6 18. Bf5 Rxe1+ 19. Rxe1 Bd5 20. Ne5 Rd8
21. b4 Qd6 22. Ng4 Nh5 23. g3 Nf6 24. Nxf6+ Qxf6 25. Re5 Qd6 26. Qc3 f6 27. Re1
Bf7 28. Rd1 Qd5 29. Bg4 Qb3 30. Qd2 h5 31. Bf5 h4 32. Bc2 Qf3 33. Qd3 Qxd3 34.
Bxd3 Kf8 35. Be4 Re8 36. Bd3 Bb3 37. Rc1 hxg3 38. fxg3 Re3 39. Bf5 Bd5 40. g4
Rxh3 41. Re1 Rh1+ 42. Kf2 Rxe1 43. Kxe1 b6 44. Kd2 Ke7 45. Bd3 a5 46. bxa5 bxa5
47. g5 Kd6 48. Kc3 Bf7 49. gxf6 gxf6 50. Bc2 Bd5 51. Bd3 Ke6 52. Bc2 Bf3 53. Bd3
Kd5 54. Bc2 Be2 55. Bb1 Bd1 56. Bd3 a4 57. Bh7 Bb3 58. Bg6 Ke6 59. Be4 Bd5 60.
Bd3 a3 61. Bc2 Kd6 62. Bd3 Kc7 63. Bc2 Kb6 64. Bd3 Ka5 65. Bc2 a2 66. Kb2 Kb4
67. Bd3 Bc4 68. Be4 Bd5 69. Bd3 a1=Q+ 70. Kxa1 Kc3 71. Bg6 Kxd4 72. Kb2 Ke3 73.
f5 Kf4 74. Kc3 Be4 75. Kd4 Bxf5 76. Be8 Be4 77. Bd7 f5 78. Bc8 Bd5 79. Bd7 Be4
80. Be6 Kf3 81. Bf7 Bd5 82. Bg6 f4 83. Bh5+ Kg2 0-1

[Event "Online Olym KO Stage 2021"]
[Site "chess.com INT"]
[Date "2021.09.14"]
[Round "2.2"]
[Board "4"]
[White "Ju, Wenjun"]
[Black "Kosteniuk, Alexandra"]
[Result "0-1"]
[WhiteTitle "GM"]
[BlackTitle "GM"]
[WhiteElo "2560"]
[BlackElo "2526"]
[WhiteTeam "China"]
[BlackTeam "Russia"]
[WhiteFideId "8603006"]
[BlackFideId "4128125"]
[EventDate "2021.09.13"]
[EventType "team"]

1. d4 Nf6 2. c4 e6 3. Nf3 d5 4. g3 dxc4 5. Bg2 Nc6 6. Qa4 Bb4+ 7. Bd2 Bd6 8. Bc3
Rb8 9. Ne5 Bxe5 10. dxe5 Nd5 11. Qxc4 O-O 12. O-O Qe7 13. Nd2 Rd8 14. Nb3 Bd7
15. Rfd1 Nxc3 16. Qxc3 Be8 17. Nc5 Rxd1+ 18. Rxd1 Rd8 19. Rxd8 Qxd8 20. Bf3 Qd4
21. Qxd4 Nxd4 22. Bxb7 Nxe2+ 23. Kg2 Nd4 24. f4 Kf8 25. Kf2 Ke7 26. Ke3 Nf5+ 27.
Kd3 Bb5+ 28. Kd2 h5 29. Be4 Nh6 30. a4 Bf1 31. b4 f6 32. exf6+ gxf6 33. Bg6 h4
34. gxh4 e5 35. fxe5 fxe5 36. h5 Kf6 37. b5 Ke7 38. Ke3 Bg2 39. Na6 Kd6 40. Nb4
Ng4+ 41. Ke2 Kc5 42. Nd3+ Kd4 43. Nf2 Nh6 44. h3 e4 45. Ke1 Bf3 46. Be8 e3 47.
Ng4 Bxg4 48. hxg4 Nxg4 49. Ke2 Ke4 50. Bc6+ Kf4 51. Bf3 Nh6 52. Bd5 Nf5 53. Bc4
Ng3+ 54. Ke1 Nxh5 55. Ke2 Nf6 56. Be6 Ke4 57. Bc8 Kd4 58. Be6 Ne4 59. Ke1 Nc5
60. Bc8 Nxa4 61. Bd7 Nc3 62. Bc6 Kc5 0-1